Music Quiz

Random Music Quiz

Where 'd Ya Get That Name? (III) Quiz Stats

 Plays Quiz not verified by Sporcle

Challenge
Share
Tweet
Score 0/15 Timer 03:00
0 Plays Today
% Correct
BEE GEES
98.8%
MEN AT WORK
94.4%
BAUHAUS
91.9%
PLATTERS
85.5%
TALKING HEADS
83.5%
HUMBLE PIE
82.3%
AMERICA
79.8%
THOMPSON TWINS
78.6%
% Correct
DEXY'S MIDNIGHT RUNNERS
77.8%
SIMPLE MINDS
74.2%
ROLLING STONES
71.4%
SEARCHERS
70.2%
HUMAN LEAGUE
51.2%
FAITH NO MORE
46.4%
BAD COMPANY
38.7%

You're not logged in!

Compare scores with friends on all Sporcle quizzes.
Join for Free
OR
Log In

You Might Also Like...

Show Comments

Extras

Created Jun 13, 2017ReportNominate
Tags:group, name, origin, pop culture, Pop Music

Top Quizzes Today


Score Distribution

Your Account Isn't Verified!

In order to create a playlist on Sporcle, you need to verify the email address you used during registration. Go to your Sporcle Settings to finish the process.

Report this User

Report this user for behavior that violates our Community Guidelines.

Details: